| 000 | 02136nam a2200565 i 4500 | ||
|---|---|---|---|
| 001 | 35141 | ||
| 003 | KOSZ 005 | ||
| 005 | 20220325104738.0 | ||
| 008 | 060209s2005 pl a |000 0 pol | ||
| 015 | _aUWD 2006/14201 | ||
| 035 | _a991029008969705066 | ||
| 035 | _a(PL-WaBN)b17843273-48omnis_nlop | ||
| 035 | _ab17843273 | ||
| 035 | _a(OCoLC)749834863 | ||
| 035 | _azz2006942452 | ||
| 035 | _a(PL)b0000001784327 | ||
| 035 | _a(EXLNZ-48OMNIS_NETWORK)9910108149605606 | ||
| 040 |
_aWA N _cWA N _dWA N _dKOSZ 005/HR |
||
| 046 | _k2005 | ||
| 080 | _a624.2/.8 | ||
| 080 | _a625.7/.8 | ||
| 080 | _a691 | ||
| 080 | _a006.3/.8(438)"2001/..." | ||
| 080 | _a(083.1) | ||
| 100 | 1 |
_aGermaniuk, Krzysztof _eAutor |
|
| 245 | 1 | 0 |
_aZalecenia wykonywania izolacji z pap zgrzewalnych i nawierzchni asfaltowych na drogowych obiektach mostowych / _c[aut. oprac. Krzysztof Germaniuk, Dariusz Sybilski] ; Instytut Badawczy Dróg i Mostów. Zakład Mostów, Zakład Technonologii Nawierzchni. |
| 260 |
_aWarszawa : _bInstytut Badawczy Dróg i Mostów, _c2005. |
||
| 300 |
_a76 s. : _bil. (gł. kolor.) ; _c24 cm. |
||
| 336 |
_aTekst _btxt _2rdacontent |
||
| 337 |
_aBez urządzenia pośredniczącego _bn _2rdamedia |
||
| 338 |
_aWolumin _bnc _2rdacarrier |
||
| 380 | _aKsiążki | ||
| 380 | _aPublikacje fachowe | ||
| 388 | _a2001- | ||
| 490 | 1 |
_aInformacje, Instrukcje / Instytut Badawczy Dróg i Mostów, _x1231-0638 ; _vz. 68 |
|
| 504 | _aBibliogr. s. 73-76. | ||
| 650 | 7 |
_aDrogi asfaltowe _2DBN |
|
| 650 | 7 |
_aHydroizolacje _2DBN |
|
| 650 | 7 |
_aMosty _2DBN |
|
| 650 | 7 |
_aNormalizacja _2DBN |
|
| 650 | 7 |
_aPapa _2DBN |
|
| 658 | _aArchitektura i budownictwo | ||
| 658 | _aInżynieria i technika | ||
| 700 | 1 |
_aSybilski, Dariusz _eAutor |
|
| 710 | 2 |
_aInstytut Badawczy Dróg i Mostów _4pbl |
|
| 830 | 0 |
_aInformacje, Instrukcje - Instytut Badawczy Dróg i Mostów _vz. 68 |
|
| 856 |
_uhttp://koha.tu.koszalin.pl/cgi-bin/koha/opac-detail.pl?biblionumber=35141 _yKatalog online BPK |
||
| 942 |
_2UKD _cKS |
||
| 999 |
_c35141 _d35141 |
||